[Event "TCh-CHN DivA Regular"]
[Site "Fuling CHN"]
[Date "2023.06.16"]
[Round "10.6"]
[Board "1"]
[White "Ni, Hua"]
[Black "Lu, Shanglei"]
[Result "1/2-1/2"]
[WhiteTitle "GM"]
[BlackTitle "GM"]
[WhiteElo "2669"]
[BlackElo "2597"]
[WhiteTeam "Shanghai"]
[BlackTeam "Zhejiang Shaoxing"]
[WhiteFideId "8601160"]
[BlackFideId "8603332"]
[EventDate "2023.06.05"]
[EventType "team"]

1. d4 Nf6 2. c4 e6 3. Nf3 d5 4. g3 dxc4 5. Bg2 c5 6. O-O Nc6 7. dxc5 Qxd1 8.
Rxd1 Bxc5 9. Nbd2 c3 10. bxc3 O-O 11. Nb3 Be7 12. Nfd4 Bd7 13. Bg5 Rac8 14. Bxf6
Bxf6 15. Nc5 Nxd4 16. cxd4 Bb5 17. e3 Rxc5 18. dxc5 Bxa1 19. Rxa1 Rc8 20. Bxb7
Rxc5 21. a4 Rc7 22. axb5 Rxb7 23. b6 Rxb6 24. Rxa7 g5 25. Kg2 Kg7 26. Ra5 h6 27.
g4 Rb4 28. h3 Kg6 29. Kg3 f5 30. f4 gxf4+ 31. exf4 Rb3+ 32. Kg2 Rb4 33. gxf5+
exf5 34. Kg3 Rb3+ 35. Kg2 Rb2+ 36. Kg3 Rb3+ 37. Kg2 Rb2+ 1/2-1/2

[Event "TCh-CHN DivA Regular"]
[Site "Fuling CHN"]
[Date "2023.06.16"]
[Round "10.6"]
[Board "2"]
[White "Zhu, Jiner"]
[Black "Xu, Yi"]
[Result "1/2-1/2"]
[WhiteTitle "WGM"]
[BlackTitle "GM"]
[WhiteElo "2507"]
[BlackElo "2502"]
[WhiteTeam "Zhejiang Shaoxing"]
[BlackTeam "Shanghai"]
[WhiteFideId "8608059"]
[BlackFideId "8605564"]
[EventDate "2023.06.05"]
[EventType "team"]

1. e4 e5 2. Nf3 Nf6 3. d4 Nxe4 4. Bd3 d5 5. Nxe5 Nd7 6. Nxd7 Bxd7 7. O-O Bd6 8.
Nc3 Nxc3 9. bxc3 O-O 10. Qh5 f5 11. Re1 h6 12. Qf3 c6 13. Bf4 Qc7 14. Bxd6 Qxd6
15. Re5 Rae8 16. Rae1 Qa3 17. Rxe8 Rxe8 18. Rxe8+ Bxe8 19. Qxf5 Qxc3 20. Qe6+
Kf8 21. h3 Qa1+ 22. Kh2 Qxd4 23. Qd6+ Kg8 24. Qe6+ Kf8 25. Qd6+ Kg8 26. Qb8 Kf7
27. Qc7+ Kf8 28. Qd6+ 1/2-1/2

[Event "TCh-CHN DivA Regular"]
[Site "Fuling CHN"]
[Date "2023.06.16"]
[Round "10.6"]
[Board "3"]
[White "Zhang, Zhong"]
[Black "Chen, Yuan2"]
[Result "1-0"]
[WhiteTitle "GM"]
[WhiteElo "2589"]
[BlackElo "2159"]
[WhiteTeam "Shanghai"]
[BlackTeam "Zhejiang Shaoxing"]
[WhiteFideId "8600694"]
[BlackFideId "8618860"]
[EventDate "2023.06.05"]
[EventType "team"]

1. d4 Nf6 2. Nf3 e6 3. g3 c5 4. Bg2 d5 5. O-O cxd4 6. Nxd4 e5 7. Nb3 Be6 8. Nc3
h6 9. f4 exf4 10. gxf4 Qb6+ 11. Kh1 Nc6 12. f5 Bd7 13. Nxd5 Nxd5 14. Qxd5 Be7
15. Bf4 Rd8 16. a4 Nb4 17. a5 Qf6 18. Qxb7 Qxb2 19. Rad1 Qxc2 20. Bc7 Bc8 21.
Rxd8+ Bxd8 22. Qxb4 Bxc7 23. Rc1 1-0

[Event "TCh-CHN DivA Regular"]
[Site "Fuling CHN"]
[Date "2023.06.16"]
[Round "10.6"]
[Board "4"]
[White "Ding, Yixin"]
[Black "Ju, Wenjun"]
[Result "0-1"]
[WhiteTitle "WGM"]
[BlackTitle "GM"]
[WhiteElo "2422"]
[BlackElo "2566"]
[WhiteTeam "Zhejiang Shaoxing"]
[BlackTeam "Shanghai"]
[WhiteFideId "8602972"]
[BlackFideId "8603006"]
[EventDate "2023.06.05"]
[EventType "team"]

1. e4 e5 2. Nf3 Nc6 3. Nc3 Nf6 4. Bb5 Nd4 5. Bc4 c6 6. Nxe5 d5 7. exd5 Bd6 8. f4
cxd5 9. Bb5+ Kf8 10. Be2 h5 11. Nb5 Nxb5 12. Bxb5 Ne4 13. Qf3 Bg4 14. Qb3 Qb6
15. Rf1 Nc5 16. Qxd5 Be6 17. Qd4 Bxe5 18. Qxe5 Qxb5 19. d4 Bc4 20. Qxc5+ Qxc5
21. dxc5 Re8+ 22. Kf2 Bxf1 23. Kxf1 Rh6 24. Bd2 Re4 25. b3 Rhe6 26. Re1 Ke7 27.
Rxe4 Rxe4 28. Kf2 Kd7 29. Be3 Kc6 30. c4 Re6 31. g3 Kc7 32. Kf3 g6 33. Kf2 Re8
34. h3 Kd7 35. a4 Kc7 36. Kf3 Rd8 37. Ke2 a5 38. Bf2 Kc6 39. Be3 Re8 40. Kf3 Rd8
41. Ke2 f6 42. Bf2 g5 43. fxg5 fxg5 44. g4 hxg4 45. hxg4 Rh8 46. Be3 Rh3 47. Kf2
Rh2+ 48. Kf3 Rb2 49. Ke4 Rxb3 50. Bd2 Rb2 51. Bxg5 Rb4 52. Bf6 Rxc4+ 53. Bd4
Rxa4 54. g5 Kd7 55. g6 Ke6 56. g7 Kf7 57. Kd3 Rb4 58. Bc3 Rb3 59. Kc2 a4 60. Be5
Rb5 0-1

[Event "TCh-CHN DivA Regular"]
[Site "Fuling CHN"]
[Date "2023.06.16"]
[Round "10.6"]
[Board "5"]
[White "Ni, Shiqun"]
[Black "Bai, Xue"]
[Result "1-0"]
[WhiteTitle "WGM"]
[WhiteElo "2323"]
[BlackElo "2041"]
[WhiteTeam "Shanghai"]
[BlackTeam "Zhejiang Shaoxing"]
[WhiteFideId "8608466"]
[BlackFideId "8608717"]
[EventDate "2023.06.05"]
[EventType "team"]

1. d4 Nf6 2. c4 e6 3. Nc3 d5 4. Nf3 Be7 5. Bf4 O-O 6. e3 c6 7. Bd3 b6 8. O-O Bb7
9. cxd5 cxd5 10. Ne5 Nbd7 11. Rc1 Nxe5 12. Bxe5 a6 13. Na4 b5 14. Bc7 Qe8 15.
Nc5 Bxc5 16. Rxc5 Qe7 17. Qe2 Ne4 18. Rc2 Rfc8 19. Rfc1 h6 20. h3 Nd6 21. Qe1
Nc4 22. Bg3 e5 23. Bf5 Re8 24. dxe5 g6 25. Bg4 h5 26. Bd1 Rac8 27. Qc3 d4 28.
Qxd4 Rcd8 29. Qf4 Nxe5 30. Bh4 Qe6 31. Bxd8 Rxd8 32. Be2 Kg7 33. Rc5 Nd7 34.
Qd4+ Qf6 35. Qxf6+ Nxf6 36. Rd1 Re8 37. Bf3 Bc8 38. Rd6 b4 39. Rdc6 Be6 40. Rxa6
Rb8 41. Ra7 b3 42. axb3 Rxb3 43. Rb7 Rd3 44. b4 Nd7 45. Rc1 Ne5 46. Be4 Rd2 47.
b5 Kh6 48. b6 Nc4 49. Rb8 1-0

[Event "TCh-CHN DivA Regular"]
[Site "Fuling CHN"]
[Date "2023.06.17"]
[Round "11.1"]
[White "Lu, Shanglei"]
[Black "Wan, Yunguo"]
[Result "1/2-1/2"]
[WhiteElo "2597"]
[BlackElo "2504"]
[EventDate "2023.06.05"]
[Board "1"]
[EventType "team"]

1. e4 c5 2. Nf3 e6 3. d4 cxd4 4. Nxd4 Nf6 5. Nc3 Nc6 6. Ndb5 Bb4 7. a3
Bxc3+ 8. Nxc3 d5 9. Bd3 dxe4 10. Nxe4 Nxe4 11. Bxe4 Qxd1+ 12. Kxd1 Bd7 13.
Be3 O-O-O 14. f3 f5 15. Bxc6 Bxc6+ 16. Ke2 a6 17. Rad1 Rxd1 18. Rxd1 Rd8
19. Rxd8+ Kxd8 20. Bd4 g6 21. Bf6+ Kc7 22. Be5+ Kd8 23. Bf6+ Kc7 24. Be5+
Kd8 25. Bf6+ 1/2-1/2

[Event "TCh-CHN DivA Regular"]
[Site "Fuling CHN"]
[Date "2023.06.17"]
[Round "11.1"]
[White "Peng, Xiongjian"]
[Black "Zhu, Jiner"]
[Result "1-0"]
[WhiteElo "2461"]
[BlackElo "2507"]
[EventDate "2023.06.05"]
[Board "2"]
[EventType "team"]

1. e4 e5 2. Nf3 Nc6 3. Bb5 a6 4. Ba4 Nf6 5. O-O Be7 6. Re1 b5 7. Bb3 O-O 8.
h3 Bb7 9. d3 d5 10. exd5 Nxd5 11. Nc3 Nxc3 12. bxc3 Qd6 13. a4 Rad8 14.
axb5 axb5 15. Bg5 Bxg5 16. Nxg5 h6 17. Ne4 Qe7 18. Qh5 b4 19. f4 Kh8 20.
Ng5 Kg8 21. cxb4 Rd4 22. Nxf7 Rxf7 23. b5 Nd8 24. Rxe5 Qd7 25. Rae1 Rxf4
26. Qg6 Kf8 27. Qh7 Rf1+ 28. Kh2 1-0

[Event "TCh-CHN DivA Regular"]
[Site "Fuling CHN"]
[Date "2023.06.17"]
[Round "11.1"]
[White "Chen, Yuan"]
[Black "Liu, Zhaoqi"]
[Result "1/2-1/2"]
[WhiteElo "2159"]
[BlackElo "2404"]
[EventDate "2023.06.05"]
[Board "3"]
[EventType "team"]

1. d4 Nf6 2. Nf3 c5 3. e3 d5 4. c4 cxd4 5. exd4 g6 6. Nc3 Bg7 7. Bg5 O-O 8.
Bxf6 Bxf6 9. Nxd5 Bg7 10. Nc3 Bg4 11. Be2 Bxf3 12. Bxf3 Nc6 13. Ne2 Nxd4
14. Nxd4 Bxd4 15. O-O Rb8 16. Rb1 Qd6 17. b4 b6 18. Qa4 Qf4 19. Rbe1 Qc7
20. Rc1 Qf4 21. Rce1 Qc7 22. Rc1 Qf4 23. Rce1 Qc7 24. Rc1 1/2-1/2

[Event "TCh-CHN DivA Regular"]
[Site "Fuling CHN"]
[Date "2023.06.17"]
[Round "11.1"]
[White "Sun, Fanghui"]
[Black "Ding, Yixin"]
[Result "1/2-1/2"]
[WhiteElo "2223"]
[BlackElo "2422"]
[EventDate "2023.06.05"]
[Board "4"]
[EventType "team"]

1. e4 c5 2. Nf3 d6 3. d4 cxd4 4. Nxd4 Nf6 5. Nc3 a6 6. Bg5 Nbd7 7. Qe2 h6
8. Bh4 g6 9. f4 e5 10. fxe5 dxe5 11. O-O-O Qc7 12. Nb3 b5 13. Rxd7 Nxd7 14.
Nd5 Qb8 15. Bf6 Nxf6 16. Nxf6+ Kd8 17. Qd2+ Qd6 18. Qa5+ Qc7 19. Qd2+ Qd6
20. Qa5+ Qc7 1/2-1/2

[Event "TCh-CHN DivA Regular"]
[Site "Fuling CHN"]
[Date "2023.06.17"]
[Round "11.1"]
[White "Bai, Xue"]
[Black "Yang, Yijing"]
[Result "1/2-1/2"]
[WhiteElo "2041"]
[BlackElo "2042"]
[EventDate "2023.06.05"]
[Board "5"]
[EventType "team"]

1. e4 e5 2. Nf3 Nf6 3. Nc3 Nc6 4. d4 exd4 5. Nxd4 Bb4 6. Nxc6 bxc6 7. Bd3
d5 8. exd5 O-O 9. O-O cxd5 10. Qf3 Be6 11. h3 c5 12. Rd1 Qe7 13. Bg5 h6 14.
Nxd5 Bxd5 15. Bxf6 Bxf3 16. Bxe7 Bxd1 17. Bxf8 Bxc2 18. Bxc5 Bxc5 19. Bxc2
Bd4 20. Rd1 Bxb2 21. Rd7 Rc8 22. Bb3 Rc1+ 23. Kh2 Rc7 24. Bxf7+ Kf8 25. Be6
Rxd7 26. Bxd7 Be5+ 27. g3 Ke7 28. Ba4 Kd6 29. Kg2 Bd4 30. f4 Ke6 31. Kf3
Bc3 32. Bb3+ Kf6 33. Bc2 a5 34. g4 1/2-1/2

[Event "TCh-CHN DivA Regular"]
[Site "Fuling CHN"]
[Date "2023.06.17"]
[Round "11.2"]
[White "Wang, Hao"]
[Black "Ni, Hua"]
[Result "1/2-1/2"]
[WhiteElo "2722"]
[BlackElo "2669"]
[EventDate "2023.06.05"]
[Board "1"]
[EventType "team"]

1. e4 e5 2. Nf3 Nc6 3. Bb5 Nf6 4. O-O Nxe4 5. Re1 Nd6 6. Nxe5 Be7 7. Bf1
Nxe5 8. Rxe5 O-O 9. Nc3 Bf6 10. Re1 Re8 11. d3 c6 12. Bf4 Rxe1 13. Qxe1 Ne8
14. Be5 d6 15. Bxf6 Nxf6 16. Ne4 Bf5 17. Nxf6+ Qxf6 18. Qb4 b6 19. Re1 Bd7
20. d4 Re8 21. Rxe8+ Bxe8 22. Qd2 Kf8 23. c3 Bd7 24. a3 h6 25. Bd3 Qg5 26.
Qxg5 hxg5 27. f3 Ke7 28. Kf2 f5 29. h3 f4 30. Ke2 d5 31. Kd2 Kd6 32. b4 b5
33. Bc2 Bc8 34. Bd3 Bd7 35. Bc2 Bc8 36. Bd3 1/2-1/2

[Event "TCh-CHN DivA Regular"]
[Site "Fuling CHN"]
[Date "2023.06.17"]
[Round "11.2"]
[White "Xu, Yi"]
[Black "Xue, Haowen"]
[Result "1/2-1/2"]
[WhiteElo "2502"]
[BlackElo "2341"]
[EventDate "2023.06.05"]
[Board "2"]
[EventType "team"]

1. e4 c5 2. Nf3 e6 3. c3 d5 4. exd5 Qxd5 5. d4 Nf6 6. Be2 Nc6 7. O-O cxd4
8. cxd4 Be7 9. Nc3 Qd6 10. Nb5 Qd8 11. Bf4 Nd5 12. Bg3 O-O 13. Bc4 a6 14.
Bxd5 exd5 15. Nc7 Rb8 16. Ne5 Bf6 17. Rc1 Bxe5 18. Bxe5 Bf5 19. Qf3 Nxe5
20. Qxf5 Nc6 21. Nxd5 Nxd4 22. Qe4 Ne2+ 23. Qxe2 Qxd5 24. b3 Rfe8 25. Qd1
Qxd1 26. Rfxd1 Re2 27. a4 h5 28. Re1 Rxe1+ 29. Rxe1 b5 30. g3 g6 31. axb5
Rxb5 32. Re8+ Kg7 33. Ra8 Rxb3 34. Rxa6 1/2-1/2

[Event "TCh-CHN DivA Regular"]
[Site "Fuling CHN"]
[Date "2023.06.17"]
[Round "11.2"]
[White "Zhou, Weiqi"]
[Black "Zhang, Zhong"]
[Result "1/2-1/2"]
[WhiteElo "2604"]
[BlackElo "2589"]
[EventDate "2023.06.05"]
[Board "3"]
[EventType "team"]

1. e4 e5 2. Nf3 Nc6 3. Bb5 Nf6 4. O-O Nxe4 5. Re1 Nd6 6. Nxe5 Nxe5 7. Rxe5+
Be7 8. Bf1 O-O 9. Nc3 Bf6 10. Re1 Nf5 11. Nd5 c6 12. Nxf6+ Qxf6 13. c3 d5
14. d4 Nd6 15. Qh5 h6 16. Qe5 Qxe5 17. Rxe5 Bd7 18. Re7 Rad8 19. Bf4 Nc8
20. Re2 Rde8 21. Rae1 f6 22. Rxe8 Rxe8 23. Rxe8+ Bxe8 24. Bd3 Bd7 25. f3
Kf7 26. Kf2 Ke7 27. h4 Nd6 28. Bxd6+ Kxd6 29. Ke3 g5 30. hxg5 hxg5 31. f4
Be6 1/2-1/2

[Event "TCh-CHN DivA Regular"]
[Site "Fuling CHN"]
[Date "2023.06.17"]
[Round "11.2"]
[White "Ju, Wenjun"]
[Black "Song, Yuxin"]
[Result "1/2-1/2"]
[WhiteElo "2566"]
[BlackElo "2353"]
[EventDate "2023.06.05"]
[Board "4"]
[EventType "team"]

1. d4 Nf6 2. c4 e6 3. g3 d5 4. Nf3 Bb4+ 5. Bd2 Be7 6. Bg2 O-O 7. O-O Nbd7
8. Qc2 c6 9. Rd1 b6 10. Bf4 Bb7 11. Ne5 Nh5 12. Bd2 Nhf6 13. cxd5 cxd5 14.
Nc6 Bxc6 15. Qxc6 Qc8 16. Qxc8 Rfxc8 17. Nc3 a6 18. e4 dxe4 19. Nxe4 Nd5
20. Nc3 N7f6 21. Nxd5 Nxd5 22. Rac1 Bf6 23. Bxd5 exd5 24. Be3 Kf8 25. Kf1
Ke7 26. Ke2 Kd7 27. Kd3 Rxc1 28. Rxc1 Rc8 29. Rxc8 Kxc8 30. a4 Kd7 31. b3
g6 32. Bd2 1/2-1/2

[Event "TCh-CHN DivA Regular"]
[Site "Fuling CHN"]
[Date "2023.06.17"]
[Round "11.2"]
[White "Li, Xueyi"]
[Black "Ni, Shiqun"]
[Result "1/2-1/2"]
[WhiteElo "2291"]
[BlackElo "2323"]
[EventDate "2023.06.05"]
[Board "5"]
[EventType "team"]

1. d4 d5 2. c4 c6 3. cxd5 cxd5 4. Bf4 Nc6 5. e3 Nf6 6. Nc3 Bf5 7. Nf3 e6 8.
Qb3 Bb4 9. Bb5 O-O 10. Bxc6 Bxc3+ 11. Qxc3 Rc8 12. Ne5 bxc6 13. f3 Nh5 14.
Bg3 c5 15. dxc5 f6 16. Nd3 Nxg3 17. hxg3 Bxd3 18. Qxd3 Rxc5 19. Qxh7+ Kf7
20. Qh5+ Kg8 21. Qh7+ Kf7 22. Qh5+ Kg8 23. Qh7+ 1/2-1/2

[Event "TCh-CHN DivA Regular"]
[Site "Fuling CHN"]
[Date "2023.06.17"]
[Round "11.3"]
[White "Zhu, Hengyi"]
[Black "Wang, Shixu B"]
[Result "1/2-1/2"]
[WhiteElo "2247"]
[BlackElo "2413"]
[EventDate "2023.06.05"]
[Board "1"]
[EventType "team"]

1. e4 c5 2. Nf3 d6 3. d4 cxd4 4. Nxd4 Nf6 5. Nc3 a6 6. Bg5 e6 7. f4 Qb6 8.
Qd2 Qxb2 9. Rb1 Qa3 10. f5 Nc6 11. fxe6 fxe6 12. Nxc6 bxc6 13. Be2 Be7 14.
e5 dxe5 15. Bxf6 Bxf6 16. Bh5+ Ke7 17. Rd1 Qc5 18. Ne4 Qd4 19. Qe2 Qb6 20.
Qd3 Rd8 21. Qa3+ c5 22. O-O Rxd1 23. Rxd1 Bb7 24. Nxc5 Rd8 25. Rxd8 Kxd8
26. Qa5 Kc7 27. Qxb6+ Kxb6 28. Nxb7 Kxb7 29. Bf3+ Kb6 30. Kf2 Kc5 1/2-1/2

[Event "TCh-CHN DivA Regular"]
[Site "Fuling CHN"]
[Date "2023.06.17"]
[Round "11.3"]
[White "Dai, Changren"]
[Black "Kong, Xiangrui"]
[Result "1/2-1/2"]
[WhiteElo "2515"]
[BlackElo "2273"]
[EventDate "2023.06.05"]
[Board "2"]
[EventType "team"]

1. e4 e6 2. d4 d5 3. e5 c5 4. c3 Nc6 5. Nf3 Qb6 6. a3 Nh6 7. Bd3 cxd4 8.
O-O Bd7 9. b4 Rc8 10. Bb2 Nf5 11. Bxf5 exf5 12. cxd4 Be7 13. Nc3 Be6 14.
Na4 Qb5 15. Rc1 O-O 16. Nc3 Qb6 17. Qd3 a6 18. Na4 Qb5 19. Qxb5 axb5 20.
Nc3 Na7 21. Nd2 f4 22. f3 g5 23. Nb3 b6 24. Nd2 f6 25. Rfe1 Kf7 26. g3 fxg3
27. hxg3 h5 28. Nf1 Rfd8 29. exf6 Bxf6 30. Red1 Rc4 31. Ne2 Nc8 32. Ne3
Rxc1 33. Rxc1 Nd6 34. Rc7+ Ke8 35. Rc6 Kd7 36. Rc1 Nc4 37. Nxc4 bxc4 38.
Kf2 Bf5 39. Bc3 Ra8 40. Ra1 b5 41. Bb2 Bd3 42. Nc1 Re8 43. a4 bxa4 44. Rxa4
h4 45. Ra7+ Ke6 46. g4 Be7 47. Bc3 Kf6 48. Bd2 Rb8 49. Ra6+ Kf7 50. Ra7 Ke6
51. Ra6+ Kf7 52. Ra7 Ke6 53. Ra6+ 1/2-1/2

[Event "TCh-CHN DivA Regular"]
[Site "Fuling CHN"]
[Date "2023.06.17"]
[Round "11.3"]
[White "Xie, Kaifan"]
[Black "Chu, Wei Chao"]
[Result "1/2-1/2"]
[WhiteElo "2278"]
[BlackElo "2411"]
[EventDate "2023.06.05"]
[Board "3"]
[EventType "team"]

1. d4 g6 2. c4 Bg7 3. Nf3 Nf6 4. Nc3 O-O 5. g3 c5 6. Bg2 d5 7. cxd5 Nxd5 8.
O-O cxd4 9. Nxd4 Nxc3 10. bxc3 Nc6 11. Nxc6 bxc6 12. Bxc6 Bh3 13. Bg2 Bxg2
14. Kxg2 Qa5 15. Be3 Rac8 16. Rc1 a6 17. Qb3 Bxc3 18. Rfd1 Qb4 19. Qd5 Qb5
20. Qxb5 axb5 21. Rd7 Bf6 22. Rc5 Ra8 23. Rxb5 Ra4 24. a3 Rxa3 25. Kf3 Raa8
26. Rbb7 Rfd8 27. Rdc7 Rdc8 28. Rd7 Rd8 29. Rdc7 Rdc8 30. h4 h5 31. Ra7
Rxc7 32. Rxc7 Ra2 33. Bc5 e6 34. Rc8+ Kh7 35. Rc7 Kg8 36. Rc8+ Kh7 37. Rc7
Kg8 38. Rc8+ 1/2-1/2

[Event "TCh-CHN DivA Regular"]
[Site "Fuling CHN"]
[Date "2023.06.17"]
[Round "11.3"]
[White "Xiao, Yiyi"]
[Black "Lu, Miaoyi"]
[Result "1/2-1/2"]
[WhiteElo "2331"]
[BlackElo "2176"]
[EventDate "2023.06.05"]
[Board "4"]
[EventType "team"]

1. d4 Nf6 2. Nf3 e6 3. Bf4 b6 4. e3 Bb7 5. Bd3 Bd6 6. Bxd6 cxd6 7. Nbd2 d5
8. Qe2 O-O 9. a4 a6 10. O-O d6 11. e4 dxe4 12. Nxe4 Nxe4 13. Bxe4 Bxe4 14.
Qxe4 d5 15. Qd3 Nc6 16. Rfe1 Qf6 17. Re3 Rfc8 18. c3 Na5 19. Ne5 Nc4 20.
Rh3 g6 21. Re1 Nxe5 22. Rxe5 b5 23. Rf3 Qg7 24. a5 Qh6 25. Re1 Rc4 26. Rh3
Qf4 27. Rf3 Qh6 28. Qe2 Qg5 29. Rg3 Qd8 30. Qe3 b4 31. Qh6 Qf8 32. Qf4 Rac8
33. Ree3 bxc3 34. bxc3 Qa3 35. h4 Rxc3 36. Rxc3 Rc7 37. Rc4 Rxc4 38. Qd6
Rc3 39. Qb8+ Kg7 40. Rxc3 Qxc3 41. Qe5+ Kg8 42. Qb8+ Kg7 43. Qe5+ f6 44.
Qxe6 Qa1+ 45. Kh2 Qxd4 46. Qxa6 Qxf2 47. Qb7+ Kh6 48. Qxd5 Qxh4+ 49. Kg1
1/2-1/2

[Event "TCh-CHN DivA Regular"]
[Site "Fuling CHN"]
[Date "2023.06.17"]
[Round "11.3"]
[White "Zhao, Shengxin"]
[Black "Zhang, Xiaowen"]
[Result "1/2-1/2"]
[WhiteElo "2156"]
[BlackElo "2266"]
[EventDate "2023.06.05"]
[Board "5"]
[EventType "team"]

1. d4 d5 2. Nf3 Nf6 3. c4 dxc4 4. e3 e6 5. Bxc4 c5 6. O-O Nc6 7. Nc3 a6 8.
a4 Be7 9. Qe2 cxd4 10. Rd1 e5 11. exd4 exd4 12. Nxd4 Nxd4 13. Qe5 Qd6 14.
Qxd6 Bxd6 15. Rxd4 Bc5 16. Rd3 Bf5 17. Rf3 Be6 18. Bxe6 fxe6 19. Be3 Be7
20. Re1 Rc8 21. Bd4 Rc6 22. Rfe3 Kf7 23. Ne4 Nxe4 24. Rxe4 Bf6 25. Bxf6
gxf6 26. R1e2 Rc1+ 27. Re1 Rc6 28. R1e2 Rc1+ 29. Re1 Rc6 30. R1e2 Rc1+ 31.
Re1 1/2-1/2

[Event "TCh-CHN DivA Regular"]
[Site "Fuling CHN"]
[Date "2023.06.17"]
[Round "11.4"]
[White "Chen, Qi B"]
[Black "Liu, Yan"]
[Result "1/2-1/2"]
[WhiteElo "2484"]
[BlackElo "2545"]
[EventDate "2023.06.05"]
[Board "1"]
[EventType "team"]

1. d4 Nf6 2. c4 e6 3. Nf3 d5 4. Nc3 Bb4 5. Bg5 dxc4 6. e4 h6 7. Bxf6 Qxf6
8. Bxc4 c5 9. O-O cxd4 10. Nb5 Qe7 11. Qxd4 O-O 12. Nxa7 Bc5 13. Nxc8 Rxc8
14. Qd3 Rd8 15. Qe2 Nc6 16. Bb3 g5 17. h3 Nd4 18. Nxd4 Rxd4 19. Rad1 Rad8
20. Rxd4 Rxd4 21. Rd1 Qf6 22. Rxd4 Bxd4 23. Qf3 Bxb2 24. Qxf6 Bxf6 25. Bc2
Kf8 26. Kf1 Be5 27. Bb3 Bf6 28. Bc2 Be5 29. Bb3 Bf6 30. Bc2 Be5 1/2-1/2

[Event "TCh-CHN DivA Regular"]
[Site "Fuling CHN"]
[Date "2023.06.17"]
[Round "11.4"]
[White "Lin, Chen"]
[Black "Wang, Chen"]
[Result "1/2-1/2"]
[WhiteElo "2509"]
[BlackElo "2481"]
[EventDate "2023.06.05"]
[Board "3"]
[EventType "team"]

1. Nc3 Nf6 2. e4 e5 3. Nf3 Nc6 4. d4 exd4 5. Nxd4 Bb4 6. Nxc6 bxc6 7. Bd3
O-O 8. O-O d5 9. exd5 cxd5 10. Bg5 c6 11. Qf3 Bd6 12. Ne2 Bg4 13. Bxf6 Bxf3
14. Bxd8 Bxe2 15. Bxe2 Rfxd8 16. Rfe1 Kf8 17. Bd3 Re8 18. g3 g6 19. Kf1
Rxe1+ 20. Rxe1 Re8 21. Re2 Re5 22. h4 h5 23. a4 a5 24. b3 Ke7 25. Rxe5+
Bxe5 26. Ke2 Bc3 27. Ba6 c5 28. Kd3 Be1 29. Ke2 Bc3 30. Kd3 Be1 31. Ke2 Bc3
32. Kd3 1/2-1/2

[Event "TCh-CHN DivA Regular"]
[Site "Fuling CHN"]
[Date "2023.06.17"]
[Round "11.4"]
[White "Wang, Chuqiao"]
[Black "Yuan, Ye"]
[Result "1/2-1/2"]
[WhiteElo "2061"]
[BlackElo "2194"]
[EventDate "2023.06.05"]
[Board "4"]
[EventType "team"]

1. d4 d5 2. c4 c6 3. Nf3 Nf6 4. e3 e6 5. Nbd2 Nbd7 6. Bd3 Bd6 7. O-O O-O 8.
e4 e5 9. exd5 cxd5 10. cxd5 exd4 11. Ne4 Nxe4 12. Bxe4 Nf6 13. Bg5 Be7 14.
Bc2 h6 15. Bh4 Nxd5 16. Bxe7 Nxe7 17. Qxd4 Be6 18. Rfd1 Qa5 19. b4 Qb6 20.
Qxb6 axb6 21. a3 Bd5 22. Nd4 Rfd8 23. f3 g6 24. Kf2 Kg7 25. Rd2 Nc6 26.
Rad1 Bc4 27. Be4 Nxd4 28. Rxd4 Rxd4 29. Rxd4 b5 30. Bd3 Rxa3 31. Bxc4 bxc4
32. Rxc4 Rb3 33. g4 g5 34. Kg3 b5 35. Rd4 Kf6 36. Rd6+ Kg7 37. Rd4 Kf6 38.
Rd6+ Kg7 39. Rd4 Kf6 1/2-1/2

[Event "TCh-CHN DivA Regular"]
[Site "Fuling CHN"]
[Date "2023.06.17"]
[Round "11.4"]
[White "Shen, Yang"]
[Black "Huang, Qian"]
[Result "1/2-1/2"]
[WhiteElo "2399"]
[BlackElo "2431"]
[EventDate "2023.06.05"]
[Board "5"]
[EventType "team"]

1. d4 d5 2. Nf3 Nf6 3. c4 dxc4 4. e3 e6 5. Bxc4 c5 6. O-O Nc6 7. Nc3 a6 8.
a4 Be7 9. Qe2 cxd4 10. Rd1 e5 11. exd4 exd4 12. Nxd4 Nxd4 13. Qe5 Qd6 14.
Qxd4 Qxd4 15. Rxd4 Be6 16. Bxe6 fxe6 17. Ne4 Rd8 18. Nxf6+ gxf6 19. Rxd8+
Kxd8 20. Be3 Kd7 21. Rd1+ Kc6 22. Kf1 h5 23. Ke2 Bd6 24. h3 Rg8 25. Kf3 b5
26. axb5+ axb5 27. g4 hxg4+ 28. hxg4 Rh8 29. Rc1+ Kd5 30. Rd1+ Kc6 31. Rc1+
Kd5 32. Rd1+ Kc6 33. Rc1+ 1/2-1/2

[Event "TCh-CHN DivA Regular"]
[Site "Fuling CHN"]
[Date "2023.06.17"]
[Round "11.5"]
[White "Li, Chao B"]
[Black "Xu, Xiangyu"]
[Result "1/2-1/2"]
[WhiteElo "2658"]
[BlackElo "2603"]
[EventDate "2023.06.05"]
[Board "1"]
[EventType "team"]

1. e4 e5 2. Nf3 Nf6 3. Nxe5 d6 4. Nf3 Nxe4 5. Nc3 Nxc3 6. dxc3 Be7 7. Be3
Nc6 8. Qd2 Be6 9. O-O-O Qd7 10. a3 a6 11. h4 h6 12. Nd4 Nxd4 13. cxd4 d5
14. f3 h5 15. Bg5 O-O-O 16. Bxe7 Qxe7 17. Qf4 Qd6 18. Qxd6 Rxd6 19. Bd3 Bd7
20. Rde1 Kd8 21. Kd2 Re6 22. c3 Ke7 23. Bf5 Rxe1 24. Rxe1+ Kd6 25. Bd3 Bb5
26. Bf5 Bd7 27. Bd3 Bb5 28. Bf5 Bd7 1/2-1/2

[Event "TCh-CHN DivA Regular"]
[Site "Fuling CHN"]
[Date "2023.06.17"]
[Round "11.5"]
[White "Li, Di"]
[Black "Xiu, Deshun"]
[Result "1/2-1/2"]
[WhiteElo "2575"]
[BlackElo "2507"]
[EventDate "2023.06.05"]
[Board "2"]
[EventType "team"]

1. d4 Nf6 2. c4 e6 3. g3 d5 4. Bg2 Be7 5. Nf3 O-O 6. O-O dxc4 7. Qc2 b5 8.
a4 Bb7 9. axb5 a6 10. Nc3 axb5 11. Rxa8 Bxa8 12. Nxb5 Bd5 13. Bg5 Nbd7 14.
Nc3 h6 15. Bxf6 Nxf6 16. e3 Qa8 17. Nxd5 exd5 18. b3 cxb3 19. Qxb3 c5 20.
dxc5 Bxc5 21. Rd1 Rb8 22. Qd3 Qa3 23. Qxa3 Bxa3 24. Ne5 Bd6 25. Nc6 Rc8 26.
Nd4 g6 27. Ne2 Rc5 28. Rc1 Rxc1+ 29. Nxc1 Bc5 30. Ne2 Kf8 31. Nc3 d4 32.
exd4 Bxd4 33. Ne4 Nxe4 34. Bxe4 Bc5 35. Bd5 Bd4 36. Be4 Bc5 37. Bd5 Bd4
1/2-1/2